000 00498nam a2200181Ia 4500
005 20250326141610.0
008 250326s9999 xx 000 0 und d
037 _aTextbook
040 _aFMSL
_beng
_cFMSL
041 _aeng
_2eng
084 _aSNIobX:8 N1
_qFMSL
100 _aDayal P
_9611030
245 0 _aOrganisational behaviour of India
_cDayal P
260 _aJaipur
_bJaipur, Prateeksha
_c1991
300 _a265p
942 _cTB
_hSNIobX:8 N1
999 _c1291086
_d1291086